ARRUPE JESUIT UNIVERSITY

CORONAVIRUS -STOP THE SPREAD - CLEAN,DISINFECT,COVER

Benedict XVI : (Record no. 118003)

MARC details
000 -LEADER
fixed length control field 01224cam a2200301 a 4500
001 - CONTROL NUMBER
control field 14139142
003 - CONTROL NUMBER IDENTIFIER
control field ARRUPE
005 - DATE AND TIME OF LATEST TRANSACTION
control field 20130924172801.0
008 - FIXED-LENGTH DATA ELEMENTS--GENERAL INFORMATION
fixed length control field 051012s2005 enkacf b 000 0beng d
010 ## - LIBRARY OF CONGRESS CONTROL NUMBER
LC control number 2005296027
020 ## - INTERNATIONAL STANDARD BOOK NUMBER
International Standard Book Number 0860124096
035 ## - SYSTEM CONTROL NUMBER
System control number (OCoLC)ocm61523075
040 ## - CATALOGING SOURCE
Original cataloging agency GSU
Transcribing agency GSU
Modifying agency BAKER
-- DLC
042 ## - AUTHENTICATION CODE
Authentication code lccopycat
050 00 - LIBRARY OF CONGRESS CALL NUMBER
Classification number BX1378.6
Item number .H46 2005
082 00 - DEWEY DECIMAL CLASSIFICATION NUMBER
Classification number 282.092
-- B
Edition number 22
300 ## - PHYSICAL DESCRIPTION
Other physical details ill., ports. ;
Dimensions 20 cm.
100 1# - MAIN ENTRY--PERSONAL NAME
Personal name Hemming, Laurence Paul.
9 (RLIN) 1098
245 10 - TITLE STATEMENT
Title Benedict XVI :
Remainder of title fellow worker for the truth : an introduction to his life and thought /
Statement of responsibility, etc Laurence Paul Hemming.
260 ## - PUBLICATION, DISTRIBUTION, ETC. (IMPRINT)
Place of publication, distribution, etc London ;
-- Harrisburg, PA :
Name of publisher, distributor, etc Burns & Oates,
Date of publication, distribution, etc 2005.
300 ## - PHYSICAL DESCRIPTION
Extent xiii, 183 p., [8] p. of plates :
504 ## - BIBLIOGRAPHY, ETC. NOTE
Bibliography, etc "Bibliography of Benedict's published works in English translation": p. 178-183.
600 00 - SUBJECT ADDED ENTRY--PERSONAL NAME
Personal name Benedict
Numeration XVI,
Titles and other words associated with a name Pope,
Dates associated with a name 1927-
9 (RLIN) 1099
650 #0 - SUBJECT ADDED ENTRY--TOPICAL TERM
Topical term or geographic name as entry element Popes
Form subdivision Biography.
9 (RLIN) 1100
856 42 - ELECTRONIC LOCATION AND ACCESS
Materials specified Contributor biographical information
Uniform Resource Identifier <a href="http://www.loc.gov/catdir/enhancements/fy1116/2005296027-b.html">http://www.loc.gov/catdir/enhancements/fy1116/2005296027-b.html</a>
906 ## - LOCAL DATA ELEMENT F, LDF (RLIN)
a 7
b cbc
c copycat
d 2
e ncip
f 20
g y-gencatlg
942 ## - ADDED ENTRY ELEMENTS (KOHA)
Source of classification or shelving scheme Library of Congress Classification
Koha item type Monograph ( Printed materials)
Holdings
Withdrawn status Lost status Source of classification or shelving scheme Damaged status Not for loan Home library Current library Date acquired Total Checkouts Full call number Barcode Date last seen Price effective from Koha item type
    Library of Congress Classification     ARRUPE LIBRARY ARRUPE LIBRARY 24/09/2013   BX1378.6 .H489 2005 46411352 22/11/2017 24/09/2013 Monograph ( Printed materials)

 

Arrupe Library. PO Box MP320 Mt Pleasant, Harare, Zimbabwe
263 242 745411|librarian@aju.ac.zw